| 000 | 00691nam a2200217 u 4500 | ||
|---|---|---|---|
| 005 | 20250701063841.0 | ||
| 008 | 110902s2007 mx r 000 0 spa d | ||
| 020 | _a9689199013 | ||
| 035 | _aUPN01000181664 | ||
| 049 | _aCG | ||
| 050 | 4 |
_aTD388 _bS6.3 |
|
| 100 | 1 | _aSolano Lartigau, Edgardo | |
| 245 | 1 | 0 |
_aABC del agua : _bdescubre las razones para actuar / _cEdgardo Solano Lartigau, Jaime Bali ; fotos Ignacio Guevara. |
| 260 |
_aMéxico : _bCeiba, _c2007. |
||
| 300 |
_a63 p. _bil. col. |
||
| 650 | 2 |
_aAgua _xConservación _91024 |
|
| 650 | 4 |
_aNATURALEZA - _xCONSERVACION _924 |
|
| 650 | 4 |
_aECOLOGIA - _xESTUDIO Y ENSEÑANZA _912772 |
|
| 700 | 1 |
_aBali, Jaime, _ecoaut. |
|
| 905 | _aLibro | ||
| 999 |
_c153767 _d153767 |
||